Normal view
MARC view
- Genios
Entry Materia
001 - NÚMERO DE CONTROL DEL REGISTRO
- campo de control: 10765
003 - IDENTIFICADOR DE NUMERO DE CONTROL
- campo de control: MX-MxUPN
005 - FECHA Y HORA DE LA ÚLTIMA TRANSACCIÓN
- campo de control: 20240604160740.0
008 - DATOS DE LONGITUD FIJA
- campo de control de longitud fija: 240604na acnnnbabn b ana |d
035 ## - NÚMERO DE CONTROL DEL SISTEMA
- Número de control del sistema: UPN10000010772
040 ## - FUENTE DE LA CATALOGACIÓN
- Centro catalogador de origen: MX-MxUPN
- Lengua de catalogación: spa
150 ## - ENCABEZAMIENTO - TEMÁTICO
- Término de materia o nombre geográfico como elemento inicial: Genios
670 ## - FUENTE EN LA QUE SE LOCALIZARON DATOS
- Cita de la fuente: Escamilla González, G. Lista de encabezamientos de materia, 1978 :
- Información localizada: página 382 (Genios)
902 ## - CATALOGADOR
- Catalogador: BEC/161097
- Catalogador: VictorGodínez/040624
